Realizace úkolů tělesné výchovy v průběhu dne

Bibliographic Details
Main Author: Davidová, Eva, 1932-2018 (Author)
Format: Article
Language:Slovak
Czech
Subjects:

MARC

LEADER 00000nab a2200000 a 4500
001 vtls000098381
003 SK-MaSNL
005 20260304170148.0
008 250422c19811982xo 0 slo
015 |a SNBRB19rr/mm-uuuuu 
035 |a CL0108484 
035 |a urn:nbn:sk:snk-abbacm 
035 |a (urnnbn)urn:nbn:sk:snk:ar-002np8 
035 |a (uuid)94be42f8-d53d-4b0a-99f1-f43416e59a8d 
040 |a SNKBUCL  |b slo  |c SNKBUCL  |e AACR2 
041 0 |a cze 
044 |a xo  |c SK 
080 |a 372  |2 1981 
080 |a 373.24  |2 1981 
100 1 |a Davidová, Eva,  |d 1932-2018  |4 aut  |9 216883 
245 1 0 |a Realizace úkolů tělesné výchovy v průběhu dne  |c Eva Davidová 
650 0 7 |a materské školy  |2 snkbucl  |9 1278 
650 0 7 |a telesná výchova  |2 snkbucl  |9 708 
655 7 |a články z novín a časopisov  |2 snkbucl  |9 267496 
773 0 |t Predškolská výchova  |g Roč. 36, č. 1 (1981/1982), s. 3-9 
850 |a Slovenská národná knižnica 
852 |a Slovenská národná knižnica 
958 |a article15 
958 |a RK 
958 |a CZ 
958 |a OND 
958 |a EUIPO 
992 |a RBX 
999 |c 2987366  |d 2989296